Statistiche per In quale squadra ha giocato? - Quiz n°9

Clicka qui per fare il quiz!

Statistiche generali

  • Questo quiz è stato fatto 9 volte
  • Il punteggio medio è 5 su 6

Statistiche sulle risposte

DomandaRisposta% Corretto
David SilvaManchester City
100%
Cláudio TaffarelParma
89%
Alexander ManningerJuventus
78%
Kevin TrappParis Saint-Germain
78%
Raúl GarcíaAtlético Madrid
67%
Mario KempesValencia
56%

Distribuzione punteggi

Percentile per numero di risposta

Percentuale di utenti per punteggio

I tuoi punteggi nel tempo

Non hai fatto questo quiz